| Tag |
First Indicator |
Second Indicator |
Subfields |
| LEADER |
00000cam a2200000 a 4500 |
| 001 |
in00001827721 |
| 005 |
20211202201558.0 |
| 008 |
040408s2004 vauab b f000 0 eng c |
| 035 |
|
|
|a (OCoLC)ocm55021708
|
| 040 |
|
|
|a GIS
|c GIS
|d GPO
|d MvI
|d UtOrBLW
|
| 042 |
|
|
|a pcc
|
| 043 |
|
|
|a n-us-ma
|
| 049 |
|
|
|a UDOC
|
| 049 |
|
|
|a WWW
|
| 074 |
|
|
|a 0624-B
|
| 074 |
|
|
|a 0624-B (online)
|
| 086 |
0 |
|
|a I 19.42/4:03-4309
|
| 245 |
0 |
0 |
|a Changes in ground-water quality near two granular-iron permeable reactive barriers in a sand and gravel aquifer, Cape Cod, Massachusetts, 1997-2000 /
|c by Jennifer G. Savoie [and others] ; prepared in cooperation with the Air Force Center for Environmental Excellence and the University of Waterloo.
|
| 264 |
|
1 |
|a Reston, Va. :
|b U.S. Dept. of the Interior, U.S. Geological Survey ;
|c 2004.
|
| 264 |
|
2 |
|a Denver, CO :
|b U.S. Geological Survey, Information Services [distributor],
|
| 300 |
|
|
|a vi, 77 pages :
|b illustrations, maps ;
|c 28 cm.
|
| 336 |
|
|
|a text
|b txt
|2 rdacontent
|
| 337 |
|
|
|a unmediated
|b n
|2 rdamedia
|
| 338 |
|
|
|a volume
|b nc
|2 rdacarrier
|
| 490 |
1 |
|
|a Water-resources investigations report ;
|v 03-4309
|
| 500 |
|
|
|a Shipping list number: 2004-0129-P.
|
| 500 |
|
|
|a "Toxic Substances Hydrology Program."
|
| 500 |
|
|
|a Shipping List Date: 04/06/2004
|
| 504 |
|
|
|a Includes bibliographical references (pages 26-28).
|
| 530 |
|
|
|a Also available via Internet at the USGS web site. Address as of 04/29/04: http://water.usgs.gov/pubs/wri/wri034309/pdf/wrir034309.pdf; current access available via PURL.
|
| 650 |
|
0 |
|a Groundwater
|z Massachusetts
|z Cape Cod
|x Quality.
|
| 650 |
|
0 |
|a Groundwater
|x Purification
|z Massachusetts
|z Cape Cod.
|
| 700 |
1 |
|
|a Savoie, Jennifer.
|
| 710 |
2 |
|
|a Air Force Center for Environmental Excellence (U.S.)
|
| 710 |
2 |
|
|a University of Waterloo.
|
| 710 |
2 |
|
|a U.S. Geological Survey Toxic Substances Hydrology Program.
|
| 710 |
2 |
|
|a Geological Survey (U.S.)
|
| 830 |
|
0 |
|a Water-resources investigations report ;
|v 03-4309.
|
| 856 |
4 |
1 |
|u https://purl.fdlp.gov/GPO/LPS46762
|t 0
|
| 999 |
|
|
|a MARS
|
| 999 |
f |
f |
|s f63394aa-244c-3374-a2e6-83dc10664a95
|i be0df657-cb1c-30ca-97ed-00cabad388e6
|t 0
|
| 952 |
f |
f |
|p normal
|a Texas A&M University
|b College Station
|c Sterling C. Evans Library
|d Evans: US Documents (Annex 5th floor)
|t 0
|e I 19.42/4:03-4309
|h Superintendent of Documents classification
|i unmediated -- volume
|m A14831030912
|
| 952 |
f |
f |
|a Texas A&M University
|b College Station
|c Electronic Resources
|d Available Online
|t 0
|e I 19.42/4:03-4309
|h Superintendent of Documents classification
|
| 998 |
f |
f |
|a I 19.42/4:03-4309
|t 0
|l Available Online
|
| 998 |
f |
f |
|a I 19.42/4:03-4309
|t 0
|l Evans: US Documents (Annex 5th floor)
|